[Event "GRE-chT 46th"]
[Site "Rio Achaia"]
[Date "2018.07.13"]
[Round "5.7"]
[White "Alexakis, Georgios"]
[Black "Kordis, Konstantinos"]
[Result "1-0"]
[WhiteElo "2045"]
[BlackElo "2100"]
[PlyCount "93"]
[EventDate "2018.07.10"]
[EventType "team"]
[EventRounds "7"]
[EventCountry "GRE"]
[SourceTitle "CBM 185 Extra"]
[Source "ChessBase"]
[SourceDate "2018.07.29"]
[SourceVersion "1"]
[SourceVersionDate "2018.07.29"]
[SourceQuality "1"]
[WhiteTeam "Piraikos"]
[BlackTeam "Zone of Glyfada"]
[WhiteTeamCountry "GRE"]
[BlackTeamCountry "GRE"]

1. e4 c5 2. Nf3 d6 3. d4 cxd4 4. Qxd4 Nc6 5. Bb5 Bd7 6. Bxc6 Bxc6 7. Nc3 Nf6 8. Bg5 e6 9. 0-0-0 Be7 10. Rhe1 0-0 11. Kb1 Qa5 12. Qd2 Qa6 13. Nd4 Rfc8 14. f3 b5 15. g4 b4 16. Nce2 Be8 17. Ng3 Qa4 18. Nh5 Rc5 19. Bxf6 Bxf6 20. Nxf6+ gxf6 21. Nb3 Rc6 22. g5 Ra6 23. Nc1 fxg5 24. Qxg5+ Kf8 25. Rg1 Rc8 26. Rg2 Qa5 27. Qxa5 Rxa5 28. Rxd6 Rh5 29. Ne2 a5 30. Nf4 Rh4 31. Nd3 Bb5 32. Ne5 Ke7 33. Rb6 Be8 34. a3 bxa3 35. bxa3 Rc5 36. Rb7+ Kf8 37. Rxf7+ Bxf7 38. Nd7+ Ke7 39. Nxc5 Rf4 40. Rg3 h5 41. Nd3 Rf6 42. h4 Be8 43. c4 Ba4 44. Kc1 Rf8 45. Kd2 Rb8 46. Rg5 Rb3 47. Rxh5 1-0

[Event "GRE-ch U20"]
[Site "Chania"]
[Date "2018.04.14"]
[Round "7"]
[White "Antonioudakis, Georgios"]
[Black "Alexakis, Georgios"]
[Result "0-1"]
[WhiteElo "1317"]
[BlackElo "2111"]
[PlyCount "76"]
[EventDate "2018.04.10"]
[EventType "swiss"]
[EventRounds "9"]
[EventCountry "GRE"]
[SourceTitle "CBM 184 Extra"]
[Source "ChessBase"]
[SourceDate "2018.06.28"]
[SourceVersion "1"]
[SourceVersionDate "2018.06.28"]
[SourceQuality "1"]
[WhiteTeam "Greece"]
[BlackTeam "Greece"]
[WhiteTeamCountry "GRE"]
[BlackTeamCountry "GRE"]

1. e4 c5 2. Nf3 Nc6 3. d4 cxd4 4. Nxd4 Nf6 5. Nc3 d6 6. Bg5 e6 7. Qd2 a6 8. 0-0-0 h6 9. Bxf6 Qxf6 10. Nxc6 bxc6 11. f4 Qd8 12. Be2 Be7 13. Qe1 Rb8 14. Qf2 Qc7 15. Rhe1 0-0 16. g4 Qa5 17. Bc4 e5 18. Bb3 Bxg4 19. Rd3 exf4 20. Rg1 Be6 21. Qd4 Qe5 22. Qf2 Bxb3 23. axb3 Bf6 24. Qd2 Rfd8 25. Kb1 a5 26. Rd1 Be7 27. Rd4 Rb4 28. Rxb4 axb4 29. Na4 d5 30. exd5 Rxd5 31. Qc1 Rxd1 32. Qxd1 Qe4 33. Nb6 f3 34. Nc4 Qe2 35. Qc1 f2 36. Nd2 Bg5 37. Qf1 Qxd2 38. Ka2 Qe1 0-1

[Event "GRE-ch U20"]
[Site "Chania"]
[Date "2018.04.13"]
[Round "6"]
[White "Alexakis, Georgios"]
[Black "Loutragotis, Paraskevas Pantelei"]
[Result "0-1"]
[WhiteElo "2111"]
[BlackElo "1870"]
[PlyCount "116"]
[EventDate "2018.04.10"]
[EventType "swiss"]
[EventRounds "9"]
[EventCountry "GRE"]
[SourceTitle "CBM 184 Extra"]
[Source "ChessBase"]
[SourceDate "2018.06.28"]
[SourceVersion "1"]
[SourceVersionDate "2018.06.28"]
[SourceQuality "1"]
[WhiteTeam "Greece"]
[BlackTeam "Greece"]
[WhiteTeamCountry "GRE"]
[BlackTeamCountry "GRE"]

1. e4 e6 2. d4 d5 3. Bd3 c5 4. exd5 Qxd5 5. Nc3 Qxd4 6. Nf3 Qd8 7. 0-0 Nf6 8. Qe2 a6 9. Rd1 Qc7 10. g3 Nbd7 11. Bf4 Bd6 12. Bg6 e5 13. Bf5 0-0 14. Bg5 Re8 15. Rd2 h6 16. Rad1 Bf8 17. Bxd7 Nxd7 18. Nd5 Qc6 19. Be3 e4 20. Ne1 Ne5 21. Qf1 Bg4 22. Rc1 Rad8 23. c4 Qc8 24. Bf4 Ng6 25. Be3 Qf5 26. Rcc2 Bd6 27. Ng2 Ne5 28. Ne1 g5 29. b3 Kg7 30. a3 Nd7 31. b4 b6 32. Rb2 h5 33. bxc5 bxc5 34. Rb7 Ne5 35. Rdb2 h4 36. Rc2 Rb8 37. Rxb8 Rxb8 38. Bc1 hxg3 39. fxg3 Qxf1+ 40. Kxf1 Kg6 41. Ne3 Bh3+ 42. Kg1 Rb1 43. Kf2 Nd3+ 44. Nxd3 exd3 45. Rc3 Be5 46. Rxd3 Rxc1 47. g4 Rh1 48. Rd5 Rxh2+ 49. Kf3 Bf4 50. Rxc5 Bxe3 51. Kxe3 Bxg4 52. Rc6+ Kh5 53. Rxa6 f5 54. c5 f4+ 55. Ke4 Rc2 56. c6 Bh3 57. Kd3 Bf5+ 58. Kd4 f3 0-1

[Event "GRE-ch U20"]
[Site "Chania"]
[Date "2018.04.10"]
[Round "1"]
[White "Bairamian, Artur"]
[Black "Alexakis, Georgios"]
[Result "0-1"]
[WhiteElo "1480"]
[BlackElo "2111"]
[PlyCount "82"]
[EventDate "2018.04.10"]
[EventType "swiss"]
[EventRounds "9"]
[EventCountry "GRE"]
[SourceTitle "CBM 184 Extra"]
[Source "ChessBase"]
[SourceDate "2018.06.28"]
[SourceVersion "1"]
[SourceVersionDate "2018.06.28"]
[SourceQuality "1"]
[WhiteTeam "Greece"]
[BlackTeam "Greece"]
[WhiteTeamCountry "GRE"]
[BlackTeamCountry "GRE"]

1. c4 e5 2. Nc3 Nf6 3. Nf3 Nc6 4. e3 Be7 5. d4 d6 6. Be2 0-0 7. 0-0 h6 8. d5 Nb8 9. e4 Nh7 10. a3 f5 11. b4 f4 12. Nd2 Nf6 13. Rb1 g5 14. f3 Qe8 15. Rf2 Qg6 16. g4 fxg3 17. hxg3 g4 18. Nf1 gxf3 19. Bxf3 Bh3 20. Bd2 Nbd7 21. Qe2 Ng4 22. Bxg4 Bxg4 23. Qe1 Rxf2 24. Qxf2 Rf8 25. Qe1 Nf6 26. Qe3 Kg7 27. Re1 Nh5 28. Nh2 Bg5 29. Qd3 Bxd2 30. Qxd2 Bf3 31. g4 Nf4 32. Re3 Nh3+ 33. Kf1 Bxg4+ 34. Ke1 Rf2 35. Qd3 Rxh2 36. Rg3 Qg5 37. Qe3 Qxe3+ 38. Rxe3 Nf4 39. Rg3 h5 40. Kf1 Rc2 41. Ke1 Kf6 0-1

[Event "GRE-chT Schools Lykeia 16th"]
[Site "Peristeri"]
[Date "2018.03.31"]
[Round "1.1"]
[White "Gavriilidis, Giorgos"]
[Black "Alexakis, Georgios"]
[Result "0-1"]
[WhiteElo "1502"]
[BlackElo "2098"]
[PlyCount "112"]
[EventDate "2018.03.31"]
[EventType "team-swiss (rapid)"]
[EventRounds "6"]
[EventCountry "GRE"]
[SourceTitle "EXT 2019"]
[Source "ChessBase"]
[SourceDate "2018.10.10"]
[SourceVersion "1"]
[SourceVersionDate "2018.10.10"]
[SourceQuality "1"]

1. e4 c5 2. Nf3 Nc6 3. d4 cxd4 4. Nxd4 Nf6 5. Nc3 d6 6. Be2 e5 7. Nb3 Be6 8. f3 Be7 9. Be3 0-0 10. Qd2 a6 11. 0-0-0 b5 12. g4 Na5 13. g5 Nxb3+ 14. cxb3 Nd7 15. Nd5 Bxd5 16. exd5 Qc8+ 17. Kb1 Qb7 18. Rhg1 a5 19. Rg4 b4 20. h4 Bd8 21. h5 Bb6 22. Bxb6 Qxb6 23. g6 fxg6 24. hxg6 Nf6 25. gxh7+ Kh8 26. Rg2 a4 27. Rdg1 Rf7 28. bxa4 Rxa4 29. Rxg7 Rxg7 30. Rxg7 Kxg7 31. Qg5+ Kxh7 32. Qxf6 Qg1+ 33. Kc2 Qc5+ 34. Kb1 Ra7 35. Bd3+ Kg8 36. Qg6+ Kf8 37. Qf6+ Ke8 38. Bg6+ Kd7 39. Qf7+ Kd8 40. Qe8+ Kc7 41. Bf5 Qg1+ 42. Kc2 Qf2+ 43. Kb1 Qe1+ 44. Kc2 Qe2+ 45. Kc1 Qe3+ 46. Kc2 b3+ 47. axb3 Qe2+ 48. Kc3 Qxf3+ 49. Bd3 Qxd5 50. Qe7+ Kb6 51. Qd8+ Rc7+ 52. Kd2 Qg2+ 53. Be2 Qd5+ 54. Bd3 e4 55. Qb8+ Rb7 56. Qd8+ Ka7 0-1

[Event "GRE-ch U18"]
[Site "Chania"]
[Date "2018.01.04"]
[Round "4"]
[White "Triantos, Konstantinos"]
[Black "Alexakis, Georgios"]
[Result "1/2-1/2"]
[WhiteElo "2055"]
[BlackElo "2132"]
[PlyCount "52"]
[EventDate "2018.01.02"]
[EventType "swiss"]
[EventRounds "9"]
[EventCountry "GRE"]
[SourceTitle "EXT 2024"]
[Source "ChessBase"]
[SourceDate "2023.10.10"]
[SourceVersion "1"]
[SourceVersionDate "2023.10.10"]
[SourceQuality "1"]

1. e4 c5 2. Nf3 e6 3. d4 cxd4 4. Nxd4 Nf6 5. Nc3 Nc6 6. a3 d6 7. f4 a6 8. Be3 Bd7 9. Be2 Be7 10. Qd2 b5 11. g4 Nxd4 12. Qxd4 e5 13. fxe5 Nxg4 14. Bxg4 Bxg4 15. exd6 Qxd6 16. Qxg7 Bh4+ 17. Kf1 Bh3+ 18. Ke2 0-0-0 19. Nd5 Qc6 20. Rhd1 Kb7 21. Qd4 Qxc2+ 22. Rd2 Qc4+ 23. Qxc4 bxc4 24. Rc1 Bg4+ 25. Kf1 Bh3+ 26. Ke2 Bg4+ 1/2-1/2

[Event "GRE-chT 45th"]
[Site "Achaia"]
[Date "2017.07.06"]
[Round "5.10"]
[White "Alexakis, Georgios"]
[Black "Skembris, Spyridon"]
[Result "0-1"]
[WhiteElo "2088"]
[BlackElo "2386"]
[PlyCount "62"]
[EventDate "2017.07.03"]
[EventType "team-swiss"]
[EventRounds "7"]
[EventCountry "GRE"]
[SourceTitle "CBM 179 Extra"]
[Source "ChessBase"]
[SourceDate "2017.08.23"]
[SourceVersion "1"]
[SourceVersionDate "2017.08.23"]
[SourceQuality "1"]
[WhiteTeam "Peiraikos PG"]
[BlackTeam "Korinthias Argonaftis"]
[WhiteTeamCountry "GRE"]
[BlackTeamCountry "GRE"]

1. e4 c5 2. Nf3 g6 3. c4 Bg7 4. d4 cxd4 5. Nxd4 Nc6 6. Be3 Nf6 7. Nc3 0-0 8. Be2 b6 9. 0-0 Bb7 10. Ndb5 d6 11. f3 a6 12. Na3 Nd7 13. Qd2 Nc5 14. Rab1 Nb4 15. Nd5 Nxd5 16. exd5 Qc7 17. b4 Nd7 18. f4 Nf6 19. Rfc1 e6 20. Bf3 Rfe8 21. Qf2 exd5 22. cxd5 Qe7 23. Bxb6 Nxd5 24. Bd4 Nxf4 25. Re1 Qg5 26. Be3 Nh3+ 27. Kf1 Qf5 28. gxh3 Bxf3 29. Kg1 Qxh3 30. Qg3 Qxg3+ 31. hxg3 Bc3 0-1